<?xml version="1.0" encoding="UTF-8"?>
<collection xmlns="http://www.loc.gov/MARC21/slim">
  <record>
    <leader>00000nam  2200000   4500</leader>
    <controlfield tag="001">INLIS000000000017336</controlfield>
    <controlfield tag="005">20240909090540</controlfield>
    <datafield tag="035" ind1="#" ind2="#">
      <subfield code="a">0010-0724000069</subfield>
    </datafield>
    <controlfield tag="007">ta</controlfield>
    <controlfield tag="008">240909################|##########|#|##</controlfield>
    <datafield tag="084" ind1="#" ind2="#">
      <subfield code="a">R  008  PKP 2023</subfield>
    </datafield>
    <datafield tag="100" ind1=" " ind2="#">
      <subfield code="a">Hadi Riajaya</subfield>
    </datafield>
    <datafield tag="245" ind1="1" ind2="#">
      <subfield code="a">Optimalisasi Layanan Mutasi Masuk Pada Kementerian Dalam Negeri Melalui Penyusunan Bisnis Proses Mutasi, Berbasis Inklusif, Akuntabel, dan Pengembangan Aplikasi SIKAWAN /</subfield>
      <subfield code="c">Hadi Riajaya</subfield>
    </datafield>
    <datafield tag="260" ind1="#" ind2="#">
      <subfield code="a">Jakarta :</subfield>
      <subfield code="b">Pusbangkom Pimnas dan Manajerial ASN,</subfield>
      <subfield code="c">2023</subfield>
    </datafield>
    <datafield tag="300" ind1="#" ind2="#">
      <subfield code="a">70 halaman ;</subfield>
      <subfield code="c">30 cm</subfield>
    </datafield>
    <datafield tag="650" ind1="#" ind2="4">
      <subfield code="a">Mutasi</subfield>
    </datafield>
    <datafield tag="650" ind1="#" ind2="4">
      <subfield code="a">Penyusunan Bisnis</subfield>
    </datafield>
    <datafield tag="520" ind1="#" ind2="#">
      <subfield code="a">Proses mutasi pegawai di Kemendagri saat ini masih belum optimal. Hal ini terlihat dari masih adanya kendala dalam hal transparansi, akuntabilitas, dan efisiensi. Untuk mengatasi kendala tersebut, Kemendagri perlu melakukan optimalisasi layanan mutasi masuk. Optimalisasi layanan mutasi masuk di Kemendagri dapat dilakukan melalui dua pendekatan, yaitu penyusunan bisnis proses mutasi berbasis inklusif dan akuntabel, serta pengembangan aplikasi SIKAWAN (Sistem Informasi Kepegawaian). Penyusunan bisnis proses mutasi berbasis inklusif dan akuntabel bertujuan untuk memastikan bahwa proses mutasi dilakukan secara transparan, akuntabel, dan adil.</subfield>
    </datafield>
    <datafield tag="856" ind1="#" ind2="#">
      <subfield code="a">Perpustakaan LAN Pusat</subfield>
    </datafield>
    <datafield tag="990" ind1="#" ind2="#">
      <subfield code="a">24.07.008</subfield>
    </datafield>
  </record>
</collection>
